Política de ventas y dirección comercial
Guardat en:
| Autors principals: | , |
|---|---|
| Format: | Llibre |
| Idioma: | espanyol |
| Publicat: |
Madrid
Ibérico Europea
1968
|
| Col·lecció: | La Empresa Moderna
|
| Matèries: | |
| Etiquetes: |
Afegir etiqueta
Sense etiquetes, Sigues el primer a etiquetar aquest registre!
|
MARC
| LEADER | 00000nam a2200000 a 4500 | ||
|---|---|---|---|
| 001 | UCQ1885 | ||
| 003 | CL-VaPUC | ||
| 008 | 980721e19680000SP |||||||||||||||||spa|d | ||
| 082 | 0 | 4 | |a 658.8101 |b OLM |2 21 |
| 100 | |a Olmi, André |e autor |9 415853 | ||
| 700 | 0 | |a July, Fortuné |e author |9 415854 | |
| 245 | 1 | 0 | |a Política de ventas y dirección comercial |
| 300 | |a 359 p | ||
| 942 | |c BK | ||
| 945 | |d 19980721 00:00:00 |a cmena | ||
| 260 | |a Madrid |b Ibérico Europea |c 1968 | ||
| 650 | 0 | |a Ventas |9 259323 | |
| 650 | 0 | |a Consumidores |9 315658 | |
| 650 | 7 | |a PRODUCTOS |2 CL-VaPUC |9 338640 | |
| 650 | 0 | |a Investigación de mercado |9 332310 | |
| 650 | 7 | |a ESTRATEGIAS |2 CL-VaPUC |9 342878 | |
| 650 | 7 | |a PLANIFICACION Y CONTROL |2 CL-VaPUC |9 415855 | |
| 650 | 0 | |a Gestión de la producción |9 259467 | |
| 650 | 7 | |a ELABORACION DE POLITICAS |2 CL-VaPUC |9 335865 | |
| 650 | 0 | |a Toma de decisiones |9 257530 | |
| 583 | |a last modification |c 19980721 00:00:00 |k Rodrigo Vera | ||
| 490 | 0 | |a La Empresa Moderna | |
| 999 | |c 272728 |d 272726 | ||
| 952 | |0 0 |1 0 |4 0 |6 658_810100000000000_OLM_1968 |7 0 |8 A |9 307856 |a BIBGIM |b BIBGIM |d 2019-11-20 |i 1442163 |o 658.8101 OLM 1968 |p 1442163 |r 2025-01-15 |w 2019-11-20 |y BK |k COM | ||